000 00771nam a2200265 i 4500
001 C2-0281092
003 PPAK
005 20180728011817.0
008 070801s2007 my a|||| ||||| | may d
020 _a9789838093903
040 _aPPAK
_beng
_cPPAK
_erda
082 0 4 _a923.2595
_223
090 0 0 _a923.2595
_bEMA
_dRK
100 0 _aE-man,
_eauthor
245 1 0 _aDatuk Seri Abdullah Ahmad Badawi
264 1 _aKuala Lumpur :
_bCipta Publishing ,
_c2007
300 _a52 pages :
_billustrations ;
_c30 cm
336 _2rdacontent
_atext
337 _2rdamedia
_aunmediated
338 _2rdacarrier
_avolume
490 1 _aSiri tokoh negarawan Malaysia
650 1 0 _aPoliticians - Malaysia - Biography.
830 0 _aSiri tokoh negarawan Malaysia
942 _ddc
_cB
999 _c87508
_d87508